000 00491nam a2200169Ia 4500
008 090201s9999 xx 000 0 und d
010 _aKPL-64573
040 _bमराठी
041 _aमराठी
082 _a33138
_b64573
100 _aपु भा भावे
245 _aसार्थक
_cपु भा भावे
260 _c2004
_bप्रतिमा प्रकाशन
300 _a157
_bमोठा
600 _aसार्थक
942 _cBOOK
999 _c231406
_d231406